00409nam a22001577a 450000500170000001000150001702000260003203500140005803700130007208200080008510000190009324500430011226000380015527000410019330000170023420240408115752.0 aENG-140049 a9789350451892c300.00 aEN-123581 bDBAD/PUB a881 aRoy, Basudhara aMoon in my teacup /cby Basudhara Roy  aKolkata bWriters Workshop c2019 aC-532,Lake Garden bKolkata e700045 a89p.c22(Hb)